| 000 | 00347nam a2200145 4500 | ||
|---|---|---|---|
| 008 | 191029s2019||||xo d | ||
| 100 | 1 |
_akolektĂv autorov _91428 |
|
| 245 | 1 | 0 | _aKroje Slovenska |
| 250 | _a1.vydanie | ||
| 260 |
_bIkar _aBratislava _c2019 |
||
| 300 | _a167s. | ||
| 020 |
_a9788055166968 _c15,90 |
||
| 041 | 1 | _aslo | |
| 044 |
_axo _cSK |
||
| 999 |
_c22787 _d22787 |
||